| LEADER 01174nam 2200277 a 4500 |
| 001 12334104733 |
| 003 ULIB |
| 008 030417s2550 th a sb 001 0 tha |
| 020 ^a9789748224893
|
| 060 4 ^aWS120^bส814ค 2550
|
| 100 0 ^aสุนทรี รัตนชูเอก
|
| 245 10 ^aคู่มือการดูแลผู้ป่วยเด็กทางโภชนาการ =^bPediatric nutrition handbook /^cสุนทรี รัตนชูเอก
|
| 246 30 ^aPediatric nutrition handbook
|
| 250 ^aพิมพ์ครั้งที่ 1
|
| 260 ^aกรุงเทพฯ :^bชัยเจริญ,^c2550
|
| 300 ^a150 หน้า :^bภาพประกอบ
|
| 650 7 ^aกุมารเวชศาสตร์
|
| 650 7 ^aโภชนาการเด็ก
|
| 710 2 ^aสถาบันสุขภาพเด็กแห่งชาติมหาราชินี.^bกลุ่มงานกุมารเวชศาสตร์
|
| 913 ^aImported by ULIBM Administrator
|
| 949 ^aImport form external file by ULIBM system
|
| 999 ^aสุณิสา
|